00287nam a2200097 450000500170000000800410001704000090005810000250006724500610009226000360015320190710154853.0190710b ||||| |||| 00| 0 eng d cLIRC aMendiratta, Veena B. aWhat can we learn from software failure data ? (lecture) aNeemranabNIIT Universityc2011